| 000 | 00400nam a2200157Ia 4500 | ||
|---|---|---|---|
| 008 | 130318s9999 xx 000 0 und d | ||
| 020 | _a9788131726952 | ||
| 082 | _a621.367 GON/D | ||
| 100 | _aGonzalez, Rafael C | ||
| 245 | _aDigital image processing | ||
| 250 | _a3 | ||
| 260 |
_bDorling Kindersley _aNew Delhi _c2008 |
||
| 300 | _a954 | ||
| 650 | _aIMAGE PROCESSING | ||
| 700 | _aWoods, Richard E | ||
| 999 |
_c1973 _d1973 |
||